000
00402nam a2200145Ia 4500
008
090123s9999 xx 000 0 und d
082
_b
25634
245
_a
किरीगी का कहर
250
_a
0
260
_b
राज पॉकेट बुक्स
300
_a
64
630
_a
किरीगी का कहर
730
_a
किरीगी का कहर
942
_c
BOOK
999
_c
63705
_d
63705